000 00308nam a22001217a 4500
008 181009b xxu||||| |||| 00| 0 eng d
041 _aeng
080 _a610
100 _a4
101 _aSHM
245 _aLegal Rights of the Catastrophically ill and injured: A Family Guide
_cRomano, J.L
942 _2udc
_cBK
999 _c49172
_d49172